01417nam a2200349 a 4500001001200000003000800012006001900020007001500039008004100054020001800095020002700113040002100140035002100161050003100182082001800213100002700231245011200258260003600370300004400406490001500450504005100465533015200516588009700668650001900765655002900784700002200813710001700835830005400852856012600906922001801032999001701050ebr10674784CaPaEBRm o u cr cn|||||||||130419s2013 njua sbi 001 0 eng d z9781118010655 z9781118345115 (e-book) aCaPaEBRcCaPaEBR a(OCoLC)84772905414aTK7871.67.L45b.T45 2013eb04a621.382/42231 aThornton, John,d1968-10aModern lens antennas for communications engineeringh[electronic resource]cJohn Thornton, Kao-Cheng Huang. aHoboken, N.J. :bWiley,cc2013. a1 online resource (xii, 272 p.) :bill.1 aIEEE Press aIncludes bibliographical references and index. aElectronic reproduction.bPalo Alto, Calif. :cebrary,d2013.nAvailable via World Wide Web.nAccess may be limited to ebrary affiliated libraries. aDescription based on online resource; title from title page (ebrary, viewed April 12, 2013). 0aLens antennas. 7aElectronic books.2local1 aHuang, Kao-Cheng.2 aebrary, Inc. 0aIEEE Press series on electromagnetic wave theory.40uhttp://site.ebrary.com/lib/rucke/Doc?id=10674784zAn electronic book accessible through the World Wide Web; click to view aInnodata Copy c57241d57241